000 00709nam a2200217Ia 4500
003 GCL
008 140319s9999 xx 000 0 ara d
040 _aGCL /
_cGCL
082 0 4 _a618.92
_bا ح
100 1 _aاحمد السعيد يونس
245 1 0 _aحتى تحضر الطبيب - الحالات الطارئة لدى الاطفال وعلاجها /
_cاحمد السعيد يونس
700 1 _aفاروق وصفى
700 1 _aصلاح المغربى
260 _a[S.N] :
_bدار نهضة مصر للطبع والنشر ،
_c1985
300 _a153
490 _a
650 0 4 _aالاطفال
650 0 4 _aطب الاطفال
650 0 4 _aالعناية الصحية
942 _2ddc
_cBK
999 _c31976
_d31976